| 000 | 00559nam a2200169 a 4500 | ||
|---|---|---|---|
| 001 | 000035395 | ||
| 005 | 20200930074318.0 | ||
| 008 | 111031s1962 ag 000 0 spa d | ||
| 040 |
_aDO-SdBNP _bspa _cBNPHU |
||
| 082 |
_axxxx _bK821i |
||
| 100 | 1 |
_aKon, I. S. _961219 |
|
| 245 | 1 | 3 |
_aEl idealismo filosofico y la crisis en el pensamiento histórico. / _cI. S. Kon ; tradujo del ruso Patricio Canto. |
| 260 |
_aBuenos Aires : _bEditorial Platina, _c1962. |
||
| 300 |
_a393 p. ; _c20 cm. |
||
| 500 | _aTraducido del ruso | ||
| 700 | 1 |
_aCanto, Patricio, _etr. _913642 |
|
| 999 |
_c34886 _d34886 |
||